| Registos Bibliográficos associados ao registo de autoridade |
|
Etiqueta de registo: 00254ncm 2200025 450 001 2121487 003 http://id.bnportugal.gov.pt/bib/catbnp/2121487 010 ## $a978-989-8982-94-0 021 ## $aPT$b499946/22 100 ## $a20220124d2022 m y0pory01030103ba 101 0# $apor 102 ## $aPT 106 ## $ar 200 1# $aLouvar-te Senhor$bMúsica impressa]$elivro de pautas$fMarco Alvim 205 ## $a1ª ed 210 #9 $aPorto$cSalesianas,$d2022 215 ## $a10 partituras (19 p.)$d30 cm 500 10 $aCânticos,$iSATB 606 ## $aMúsica sacra$2SIPOR$38911 606 ## $aMúsica para coro$j[Música manuscrita]$2SIPOR$31200589 675 ## $a783.6$vBN$zpor$3309967 675 ## $a784.1$vBN$zpor$3539866 675 ## $a78.089.6$vBN$zpor$3536969 700 #1 $aAlvim,$bMarcos,$f1976-$31870469 801 #0 $aPT$bBN$gRPC 856 41 $uhttp://rnod.bnportugal.gov.pt/ImagesBN/winlibimg.aspx?skey=&doc=2121487&img=175104&save=true 900 ## $aBIBNAC$d20230124 966 ## $lBN$mMUSICA$sM.P. 3733 V.$x1 966 ## $lBN$mMUSICA$sM.P. 3733 V.-D $x1 971 ## $csmariza$d20230124
Etiqueta de registo: 00000ncm 2200025 450 001 2287046 003 http://id.bnportugal.gov.pt/bib/catbnp/2287046 100 ## $a20260527d2024 m y0pory01030103ba 101 0# $apor 102 ## $aPT 106 ## $ar 200 1# $aCanção do caçador profissional$bMúsica impressa]$fpoema de Fausto José$gmúsica de Marcos Alvim 210 #9 $aArmamar$cMarcos Alvim,$d2024 215 ## $a1 partitura (12 p.)$d31 cm 500 10 $aCanções,$rSATB, pf 606 ## $aCanções$j[Música impressa]$2SIPOR$31284980 606 ## $aMúsica para canto e piano$zSéc. 21$j[Música impressa]$2SIPOR$31540011 675 ## $a78.089.6$vmed$zpor$3536969 675 ## $a784:786.2$vBN$zpor$3519118 675 ## $a784.7$vBN$zpor$3431921 700 #1 $aAlvim,$bMarcos,$f1976-$31870469 702 #1 $aJosé,$bFausto,$f1903-1975$4100$345019 801 #0 $aPT$bBN$gRPC 856 41 $uhttp://rnod.bnportugal.gov.pt/ImagesBN/winlibimg.aspx?skey=&doc=2287046&img=222755&save=true 900 ## $aBIBNAC$d20260527 966 ## $lBN$mMUSICA$sM.P. 5443 A.$x1 971 ## $cjamaral$d20260527
|
|
|